| 000 | 00885nam a2200169Ia 4500 | ||
|---|---|---|---|
| 008 | 090711s9999 xx 000 0 und d | ||
| 082 | _b971 | ||
| 100 | _aसोवनी रा. वि. / नारळीकर जयंत | ||
| 245 | _aSाार्लस डार्विन ( जीवसgष्टीSाा भाष्यकार) | ||
| 260 |
_bआँक्सफर्ड युनिवर्सिटीं प्रेस _c1992 |
||
| 300 | _a24 | ||
| 600 | _aसोवनी रा. वि. / नारळीकर जयंत | ||
| 630 | _aSाार्लस डार्विन ( जीवसgष्टीSाा भाष्यकार) | ||
| 700 | _aसोवनी रा. वि. / नारळीकर जयंत | ||
| 730 | _aSाार्लस डार्विन ( जीवसgष्टीSाा भाष्यकार) | ||
| 942 | _cBOOK | ||
| 999 |
_c324461 _d324461 |
||